Лекции по биофизике: учебное пособие

Bibliografske podrobnosti
Korporativna značnica: Ленинградский государственный университет им. А. А. Жданова
Drugi avtorji: Макаров П. О. (редактор)
Izvleček:Загл. указано на корешке
Jezik:ruščina
Izdano: Ленинград, Изд-во ЛГУ, 1968
Teme:
Format: MixedMaterials Knjiga
KOHA link:https://koha.lib.tpu.ru/cgi-bin/koha/opac-detail.pl?biblionumber=103654

MARC

LEADER 00000nam0a2200000 4500
001 103654
005 20231101214511.0
035 |a (RuTPU)RU\TPU\book\111749 
090 |a 103654 
100 |a 20061020d1968 m y0rusy50 ca 
101 0 |a rus 
102 |a RU 
105 |a a j 001zy 
200 1 |a Лекции по биофизике  |e учебное пособие  |f Ленинградский государственный университет им. А. А. Жданова; под ред. П. О. Макарова. 
210 |a Ленинград  |c Изд-во ЛГУ  |d 1968 
215 |a 478 с.  |c ил. 
300 |a Загл. указано на корешке 
320 |a Библиогр.: с.471-474 
606 1 |a Биофизика  |2 stltpush  |3 (RuTPU)RU\TPU\subj\70413  |9 84680 
610 1 |a термодинамика 
610 1 |a биоэнергетика 
610 1 |a нейродинамика 
610 1 |a электробиология 
610 1 |a радиобиология 
610 1 |a органы чувств 
675 |a 577.3(07)  |v 4 
702 1 |a Макаров  |b П. О.  |4 340 
712 0 2 |a Ленинградский государственный университет им. А. А. Жданова  |2 stltpush  |3 (RuTPU)RU\TPU\col\77 
801 1 |a RU  |b 63413507  |c 20061020  |g PSBO 
801 2 |a RU  |b 63413507  |c 20180703  |g PSBO 
942 |c BK